Old South Map Quiz - Statistics

General Stats
  • This quiz has been taken 107 times
  • The average score is 6 of 7
Answers on the Map
Answers color-coded by a green-red scale on the quiz's map according to % correct below.
 
Answer Stats
Answer % Correct
South Carolina
95%
Washington, D.C.
93%
Georgia
92%
North Carolina
92%
Maryland
90%
Delaware
89%
Virginia
87%
No matching quizzes found
Score Distribution
Percent of People with Each Score
Percentile by Number Answered
Your Score History
You have not taken this quiz